000
00296nam a22001217a 4500
041
_a
ENG
100
_a
Beitannica
245
_a
Beitannica Ready Reference Encyclopedia Vol 1
260
_a
New Delhi
_b
Briannica
_c
2006
300
_a
268
650
_a
Competitive Exam
856
_u
Competitive Exam
999
_c
2432
_d
2432